| 000 | 01491nam2a22002651 4500 | ||
|---|---|---|---|
| 001 | RU\NLR\INFOCOMM15\1000137804 | ||
| 005 | 20250617121706.0 | ||
| 035 | _a(NLR Aleph) 002595810 | ||
| 090 |
_a3399935 _c3399935 |
||
| 100 | _a20040617d1969 |||y0rusy50 ca | ||
| 101 | 0 | _arus | |
| 102 | _aRU | ||
| 105 | _ay ||||||||| | ||
| 200 | 1 |
_aВысокочувствительный суперортикон с усовершенствованной мишенью из MgO и многощелочным фотокатодом _fМ. Такахаси, Х. Ватанабе |
|
| 210 |
_d1969 _aБ. м. |
||
| 461 | 0 |
_1001RU\NLR\INFOCOMM15\1000137801 _12001#$aПереводы иностранной литературы$iСерия: Электронно-лучевые и фото-электрические приборы$fМ-во электронной пром-сти СССР. Ин-т "Электроника"$vПер. №44(113)/ЭТ-5152 _93399909 _cМ. _d1968-1969 _fМ-во электронной пром-сти СССР. Ин-т "Электроника" _iСерия: Электронно-лучевые и фото-электрические приборы _tПереводы иностранной литературы _vПер. №44(113)/ЭТ-5152 |
|
| 700 | 1 |
_aТакахаси _bМ. _4070 |
|
| 701 | 1 |
_aВатанабе _bХ. _4070 |
|
| 801 | 1 |
_aRU _bInfoComm _c20040617 |
|
| 801 | 0 |
_aRU _bNLR _gPSBO |
|
| 852 |
_aNLR _jП51/437 |
||
| 942 | _cISSUE | ||
| 980 | _aNB | ||
| 980 | _aRUSPER | ||